000 00632nam a22001697a 4500
005 20120206132249.0
008 120206t xxu||||| |||| 00| 0 eng d
020 _a0074632795
_c00.00
035 _aA-937725
040 _aDPL
_bENG
100 _aMaso, Brian
_940915
245 _aThe visual J++ handbook /
_cby Brian Maso
260 _aNew Delhi
_bTata McGraw-Hill Publishing
_c1997
300 _a440p.
_c22 cms.
942 _2ddc
_cEN
_h005.1
_mMAS
999 _c62035
_d62035